| 000 | 00973nam a2200277 a 4500 | ||
|---|---|---|---|
| 001 | BRCA_2885 | ||
| 005 | 20190320204020.0 | ||
| 008 | 111208s1962----caua######---#000-0#eng-# | ||
| 041 | _aeng | ||
| 044 | _acau | ||
| 050 | 4 |
_aNA5253 _b.B35 1 _c1962 |
|
| 100 | 1 |
_aBaird, Joseph Armstrong _92325 |
|
| 245 | 1 | 0 |
_aThe Churches of Mexico _b1530-1810 _cby Joseph Armstrong Baird ; photographs by Hugo Rudinger. |
| 260 |
_aBerkeley, California _bUniversity of California _c1962 |
||
| 300 |
_axxii, 126 p. _bil. (algunas a color), 163 láminas _c29 cm. |
||
| 500 | _aIncluye lista de figuras y láminas, cronología, biografías de arquitectos y glosario | ||
| 500 | _aEjemplar igual a B256 | ||
| 500 | _aAA35 | ||
| 504 | _aBibliografía: [70]-78 | ||
| 650 | 1 | 4 |
_aArquitectura religiosa _xHistoria _97864 |
| 650 | 1 | 4 |
_aIglesias _zMéxico _94471 |
| 650 | 1 | 4 |
_aArquitectura religiosa _zMéxico _924 |
| 700 | 1 |
_aRudinger, Hugo _eFotógrafo _98047 |
|
| 902 | _aGFM | ||
| 942 |
_2lcc _cB |
||
| 999 |
_c2624 _d2624 |
||